Normal view MARC view
  • Walker, Walton and Hanson

Entry Corporate Name

Number of records used in: 12

001 - CONTROL NUMBER

  • control field: 5375

003 - CONTROL NUMBER IDENTIFIER

  • control field: SIRSI

005 - DATE AND TIME OF LATEST TRANSACTION

  • control field: 20190806150242.0

008 - FIXED-LENGTH DATA ELEMENTS

  • fixed length control field: 071005n| acannaabn |n ana d

040 ## - CATALOGING SOURCE

  • Original cataloging agency: OSt
  • Transcribing agency: OSt

110 2# - HEADING--CORPORATE NAME

  • Corporate name or jurisdiction name as entry element: Walker, Walton and Hanson

670 ## - SOURCE DATA FOUND

  • Source citation: Particulars of sale, 1936